Predajná politika podniku bakalárska práca

Gespeichert in:
Bibliographische Detailangaben
1. Verfasser: Hulmanová, Lucia
Körperschaft: Fakulta podnikového manažmentu EU. Katedra podnikovohospodárska
Weitere Verfasser: Grančičová, Katarína, 1967-
Format: Buch
Sprache:Slowakisch
Veröffentlicht: Bratislava 2024
Tags: Tag hinzufügen
Keine Tags, Fügen Sie das erste Tag hinzu!

MARC

LEADER 00000nbm a2200000 4500
001 0301956
005 20250205143651.5
041 0 |a slo 
044 |a SK 
245 1 0 |a Predajná politika podniku  |b bakalárska práca  |c Lucia Hulmanová ; školiteľ: Katarína Grančičová 
264 1 |a Bratislava  |c 2024 
300 |a 46 s. 
100 1 |a Hulmanová, Lucia 
700 1 |a Grančičová, Katarína, 1967- 
710 2 |a Fakulta podnikového manažmentu EU. Katedra podnikovohospodárska